| 000 | 00354nam a2200121Ia 4500 | ||
|---|---|---|---|
| 008 | 171212s9999 xx 000 0 und d | ||
| 020 | _a9780874216486 | ||
| 100 | _aSwenson, May | ||
| 245 |
_cSwenson, May _aCentaur, The |
||
| 260 |
_bUniversity Press of Colorado _c2007 |
||
| 650 | _aLanguage & Literature | ||
| 856 | _uhttp://jstor.org/stable/j.ctt1d8hb0p | ||
| 999 |
_c353043 _d353043 |
||